000 01401nam a22003977a 4500
003 CHAP
005 20220329134857.0
008 971013s r 00010 d
010 _a27374
011 _a28346
035 _a32450
040 _cCHAP
082 _a630.72
_bI5e
110 _aINIA. México
_958464
245 _aExperimentos realizados por el INIA
260 _aMéxico, D.F. :
_bINIA,
_c198-
300 _av
490 _aFolleto informativo
500 _aLa biblioteca tiene: 1980, 1981
590 _aBATCH-UPD
_b10
_c20130110
_lUCH01
_h0138
590 _aBATCH-UPD
_b10
_c20130110
_lUCH01
_h1015
590 _aBATCH-UPD
_b10
_c20130409
_lUCH01
_h2136
590 _aBATCH-UPD
_b10
_c20130410
_lUCH01
_h0622
590 _aBATCH-UPD
_b10
_c20130913
_lUCH01
_h2043
590 _aCONVERSION
_b10
_c20130109
_lUCH01
_h1316
650 1 4 _aAgricultura
_xExperimentación
_xMéxico.
_91477
650 1 4 _aAgricultura
_xInvestigación
_xMéxico.
_91643
700 0 _aRojas Martínez, Basilio A.
_999335
830 0 _aFolleto informativo
_942046
901 _aBK
942 _cLIBRO
949 _a630.72 I5e
_bBC
_cLIBRO
_d33724000039806
_eLIBRO
_f1981 c.3
_h60128
_i32450
_si
949 _a630.72 I5e
_bBC
_cLIBRO
_d33724000039947
_eLIBRO
_f1981 c.2
_h59948
_i32450
_si
949 _a630.72 I5e
_bBC
_cMUT
_d-75510
_eMUT
_f1980
_h59945
_i32450
_si
949 _a630.72 I5e
_bBC
_cMUT
_d-75511
_eMUT
_f1981
_h59947
_i32450
_si
999 _c27374
_d27374